000 00761nam a2200241Ia 4500
003 OSt
005 20221006163939.0
006 a|||||r|||| 00| 0
007 ta
008 221006b |||||||| |||| 00| 0 eng d
024 _a7,739
037 _cDissertations
040 _aFML
_cFML
_beng
041 _2eng
_aeng
100 _aAfzal Mustafa Au.
_9676258
110 _aDelhi University. Faculty of Music and Fine Arts. Department of Music
245 0 _aA Study of The Folk Music of The Kerala With Special Refrence With Mappila Songs of Malabar
260 _c1991
300 _a91
_ccm.
700 _aDelhi University. Faculty of Music and Fine Arts. Department of Music
942 _cDIS
_2CC
999 _c1115791
_d1115791